Fr. Conceicao Rodrigues College of Engineering

Mastering Microsoft office professional for Windows 95 (Record no. 29931)

MARC details
000 -LEADER
fixed length control field 00345nam a2200145Ia 4500
082 ## - DEWEY DECIMAL CLASSIFICATION NUMBER
Classification number 5.43
Item number mos/boo
100 ## - MAIN ENTRY--PERSONAL NAME
Personal name Moseley/L.E./ Boodey/D.M.
245 ## - TITLE STATEMENT
Title Mastering Microsoft office professional for Windows 95
260 ## - PUBLICATION, DISTRIBUTION, ETC.
Name of publisher, distributor, etc. none
Place of publication, distribution, etc. Delhi
Date of publication, distribution, etc. 1996
300 ## - PHYSICAL DESCRIPTION
Extent 1083
546 ## - LANGUAGE NOTE
Language note ENGLISH
654 ## - SUBJECT ADDED ENTRY--FACETED TOPICAL TERMS
Focus term Computer
942 ## - ADDED ENTRY ELEMENTS (KOHA)
Koha item type BOOK
Holdings
Withdrawn status Lost status Damaged status Not for loan Collection Home library Current library Date acquired Total Checkouts Full call number Barcode Date last seen Price effective from Koha item type Shelving location
        CRC Fr. Agnel's C.Rodrigues College of Engineering Fr. Agnel's C.Rodrigues College of Engineering 17/03/2023   5.43 mos/boo 8789 17/03/2023 17/03/2023 BOOK  
        CRC Fr. Agnel's C.Rodrigues College of Engineering Fr. Agnel's C.Rodrigues College of Engineering 17/03/2023   5.43 mos/boo 8790 17/03/2023 17/03/2023 BOOK  
        CRC Fr. Agnel's C.Rodrigues College of Engineering Fr. Agnel's C.Rodrigues College of Engineering 17/03/2023   5.43 mos/boo 8791 17/03/2023 17/03/2023 BOOK  
        CRC Fr. Agnel's C.Rodrigues College of Engineering Fr. Agnel's C.Rodrigues College of Engineering 17/03/2023   5.43 mos/boo 8849 17/03/2023 17/03/2023 BOOK  
        CRC Fr. Agnel's C.Rodrigues College of Engineering Fr. Agnel's C.Rodrigues College of Engineering 17/03/2023   5.43 MOS/BOO 9279 17/03/2023 17/03/2023 BOOK